|
|
|
|
| LEADER |
00803nta a2200205 i 4500 |
| 001 |
dipl112533 |
| 005 |
20210422112522.0 |
| 008 |
210412s1991 hu om 0|| zxx d |
| 040 |
|
|
|a SZTE Diploma Repozitórium
|b hun
|
| 041 |
|
|
|a zxx
|
| 100 |
2 |
|
|a Csiderné László Csilla
|
| 245 |
1 |
2 |
|a A szerelem mint érzelem kifejeződése a viselkedésben, ábrázolási módja a művészetekben
|h [elektronikus dokumentum] /
|c Csilla Csiderné László
|
| 260 |
|
|
|c 1991
|
| 650 |
|
4 |
|a Pedagógusképzés
|
| 650 |
|
4 |
|a Humanities
|
| 650 |
|
4 |
|a Arts (arts, history of arts, performing arts, music)
|
| 650 |
|
4 |
|a Arts, art history
|
| 650 |
|
4 |
|a Visual arts, performing arts, design
|
| 700 |
1 |
|
|a Kiss Ferenc
|e ths
|
| 856 |
4 |
0 |
|u http://diploma.bibl.u-szeged.hu/id/eprint/112533/1/1991_csiderne_laszlo_csilla.pdf
|z Dokumentum-elérés
|